| 000 | 00965cam a22003011 4500 | ||
|---|---|---|---|
| 001 | 6409 | ||
| 003 | BD-RjUL | ||
| 005 | 20211208234234.0 | ||
| 008 | 140111r19631959enk b 001 0 eng | ||
| 035 | _a(BD-RjUL)6449 | ||
| 035 | _a(OCoLC)255783 | ||
| 040 |
_aDLC _cODaWU _dOCoLC _dNcRS _dUk _dDLC _dBD-RjUL _beng |
||
| 041 | _aeng | ||
| 082 |
_a309.166 _bGAD 1963 |
||
| 100 | 1 |
_aGardiner, Robert K. A. _q(Robert Kweku Atta) _920177 |
|
| 245 | 1 | 4 |
_aThe development of social administration / _c[by] Robert Kweku Gardiner, Helen O. Judd. |
| 250 | _a2d ed. | ||
| 260 |
_aLondon : _bOxford University Press, _cc1959 [Reprinted 1963]. |
||
| 300 |
_a208 p. ; _c19 cm. |
||
| 504 | _aIncludes index and bibliography. | ||
| 650 | 0 |
_aSocial policy. _920178 |
|
| 651 | 0 |
_aAfrica, West _xSocial policy. _920179 |
|
| 651 | 0 |
_aGreat Britain _xSocial policy. _920180 |
|
| 700 | 1 |
_aJudd, Helen O. _920181 |
|
| 942 |
_2ddc _cBK |
||
| 999 |
_c6409 _d6409 |
||